000
00288nam a2200121Ia 4500
008
190216s9999||||xx |||||||||||||| ||und||
100
_a
Egrov G G
245
0
_a
Origin And Development Of Life On Earth
260
_b
Mir Publishers
_c
1988
300
_a
232p
650
_a
Botany
942
_c
BK
999
_c
1431
_d
1431